000 00570cam a2200217ua 4500
001 3143
005 20260515113635.0
008 110929n ii |||gr||||Z||||||asm
020 _a81-260-2447-X
040 _cMAIN
082 _a891.4513
100 1 _aKaranth, Shivaram,
_eAuthor.
245 1 1 _aOpaja matir hat bauli
_cby Shivaram Karanth
250 _a1st.
260 _aKolkatta:
_bSahitya Akademi,
_c2006.
300 _a410p:
_c23cm.
653 _aAssamese novel
653 _aOpaja matir hat bauli
700 _aSaikia, Anupama Dutta,
_eTranslator.
942 _cBK
999 _c2987
_d2987